000 00751nam a2200217Ii 4500
003 JO-AjNU
008 230605s9999||||xx |||||||||||||| ||und||
040 _aJO-AjNU
_bara
_erda
_cJO-AjNU
041 _aara
050 1 4 _aZ286. S37T3512 1988
100 3 _aتحرير هارومن، ايليانور/محرر مشارك ايان مونتين ,
_eauthor
_934942
245 0 0 _aالاطروحة والكتاب
250 _aط1
264 3 1 _aبغداد : دار الشؤون الثقافية العامة ، 1988
300 _a168ص
336 _atext
_btxt
_2rdacontent
337 _aunmediated
_bn
_2rdamedia
338 _avolume
_bnc
_2rdacarrier
490 0 _aساسلة المائة كتاب
650 4 _aالاطروحة-الكتاب
_934943
999 _aA14377
_c17945
_d17945